| 000 | 00550 a2200205 4500 | ||
|---|---|---|---|
| 003 | Nust | ||
| 005 | 20170207153348.0 | ||
| 010 | _a 96025617 | ||
| 020 | _a0716602970 | ||
| 035 | _a(DLC) 96025617 | ||
| 040 | _cNust | ||
| 082 | 0 | 0 | _a423 |
| 245 | 0 | 4 | _aThe World Book dictionary. |
| 246 | 1 | 4 | _aMillennium World Book dictionary |
| 246 | 1 | 4 | _aWorld Book millennium |
| 260 |
_aChicago : _bWorld Book, _cc2000. |
||
| 300 |
_a2 v. (2430 p.) : _bill. ; _c29 cm. |
||
| 538 | _aAlmirah No.19 Shelf No.4 | ||
| 650 | 0 |
_aEnglish language _xDictionaries. |
|
| 710 | 2 | _aWorld Book, Inc. | |
| 999 |
_c184446 _d184446 |
||